Entry Nombre personal
001 - NÚMERO DE CONTROL
- campo de control: 36523
003 - IDENTIFICADOR DE NÚMERO DE CONTROL
- campo de control: SpMaBN
005 - FECHA Y HORA DE LA ÚLTIMA TRANSACCIÓN
- campo de control: 20250901024051.0
008 - ELEMENTOS DE DATO DE LONGITUD-FIJA
- campo de control de longitud fija: 010710nn aijnnaabn a aaa
016 ## - NÚMERO DE CONTROL DE UNA AGENCIA BIBLIOGRÁFICA NACIONAL
- Número de control del registro: BNE20013236677
024 7# - IDENTIFICADOR DE OTROS ESTÁNDARES
- Número estándar o código: http://www.wikidata.org/entity/Q56000381
- Fuente: wikidata
024 7# - IDENTIFICADOR DE OTROS ESTÁNDARES
- Número estándar o código: http://viaf.org/viaf/71238054/
- Fuente: viaf
024 7# - IDENTIFICADOR DE OTROS ESTÁNDARES
- Número estándar o código: https://isni.org/isni/0000000059394682
- Fuente: isni
040 ## - FUENTE DE CATALOGACIÓN
- Centro catalogador/agencia de origen: SpMaBN
- Lengua de catalogación: spa
- Centro/agencia transcriptor: SpMaBN
- Normas de descripción: rdc
- Convención/Normas de encabezamiento de materia/tesauro: embne
046 ## - FECHAS CON CODIFICACIÓN ESPECIAL
- Fecha de nacimiento: 1879
- Fecha de la muerte: 1956
100 1# - ENCABEZAMIENTO-NOMBRE DE PERSONA
- Nombre de persona: Castellanos G., Gerardo,
- Fechas asociadas al nombre: 1879-1956
375 ## - GÉNERO/SEXO
- Género: Masculino
400 1# - TRAZADO DE VÉASE--NOMBRE DE PERSONA
- Nombre de persona: Castellanos, Gerardo,
- Fechas asociadas al nombre: 1879-1956
400 1# - TRAZADO DE VÉASE--NOMBRE DE PERSONA
- Nombre de persona: Castellanos García, Gerardo,
- Fechas asociadas al nombre: 1879-1956
670 ## - FUENTE DE DATOS ENCONTRADOS
- Cita de la fuente: Martí, conspirador y revolucionario, 1942
- Información encontrada: port. (por Gerardo Castellanos G.)
670 ## - FUENTE DE DATOS ENCONTRADOS
- Cita de la fuente: Gerardo Castellanos, patriota e historiador, símbolo de cubanía, 1956
- Información encontrada: p. 9, etc. (Gerardo Castellanos García, n. en Cayo Hueso el 21-10-1879, m. en La Habana agosto de 1956)
